000 01112nam a2200325 a 4500
999 _c328957
_d328957
001 1210910
003 Nust
005 20170419185355.0
008 981127s1998 ii ab b 001 0 eng
010 _a 98908915
020 _a9788129104854
025 _aI-E-98-908915; 56-31
037 _bLibrary of Congress -- New Delhi Field Office
_cRs395.00
040 _aDLC
_cDLC
042 _alcode
043 _aa-ii---
050 0 0 _aDS486.L9
_bM57 1998
082 0 0 _a954.2
_bMIS
100 1 _aMisra, Amaresh.
245 1 0 _aLucknow, fire of grace :
_bthe story of its revolution, renaissance and the aftermath /
_cAmaresh Misra.
260 _aNew Delhi :
_bHarperCollins Publishers India,
_c1998.
300 _axix, 369 p. :
_bcol. ill., maps ;
_c22 cm.
504 _aIncludes bibliographical references (p. [338]-339) and index.
651 0 _aLucknow (India)
_xCivilization.
651 0 _aLucknow (India)
_xHistory.
906 _a7
_bcbc
_corigode
_d3
_encip
_f19
_gy-gencatlg
942 _2ddc
_cBK